000 00613nam a2200205 i 4500
001 13295
003 ES-MaACL
005 20230906150537.0
007 t|
008 980127s1996 sp ||||1| spa d
020 _a84-7719-533-1
080 _a860 Pereira, A.1.06
100 1 _aBusmayor, Carmen.
_932827
245 1 0 _aPaíses poéticos de Antonio Pereira /
_cCarmen Busmayor.
260 _aLeón :
_bUniversidad,
_c[1996]
300 _a351 p. ;
_c24 cm.
600 1 4 _aPereira, Antonio-
_vCrítica e interpretación.
_990464
710 2 _aUniversidad de León.
_97200
852 _aES-MaACL
_jL-20600
_bR.125853
999 _c13295
_d13295